[Event "Titled Tuesday intern op 11th Jun Early"]
[Site "Chess.com INT"]
[Date "2024.06.11"]
[Round "7"]
[White "Raczek, Krzysztof"]
[Black "Rioseco Pinochet, Fernando Luis"]
[Result "1-0"]
[WhiteElo "2342"]
[BlackElo "2139"]
[PlyCount "165"]
[EventDate "2024.06.11"]
[EventType "swiss (blitz)"]
[EventRounds "11"]
[EventCountry "USA"]
[SourceTitle "EXT 2025"]
[Source "ChessBase"]
[SourceDate "2024.10.14"]
[SourceVersion "1"]
[SourceVersionDate "2024.10.14"]
[SourceQuality "1"]

1. d4 Nf6 2. Nf3 c5 3. e3 d5 4. b3 Nc6 5. Bb2 Bg4 6. Nbd2 e6 7. h3 Bh5 8. g4 Bg6 9. Bb5 Bd6 10. Ne5 Bxe5 11. dxe5 Nd7 12. f4 Qh4+ 13. Kf1 h5 14. Nf3 Qe7 15. Kg2 Be4 16. Bd3 0-0-0 17. Qe2 f5 18. exf6 Nxf6 19. g5 Ne8 20. Bxe4 dxe4 21. Ne5 Nxe5 22. Bxe5 Nd6 23. Bxd6 Rxd6 24. Rad1 Rhd8 25. Rxd6 Rxd6 26. Rd1 g6 27. Rxd6 Qxd6 28. Kf2 e5 29. f5 gxf5 30. Qxh5 f4 31. Qe2 f3 32. Qe1 Qg6 33. h4 Qf5 34. Kg3 Kd7 35. Qd1+ Ke7 36. Qd2 Kf7 37. Qd5+ Kg7 38. Qxb7+ Kg6 39. Qc6+ Kg7 40. Qc7+ Kg6 41. Qc6+ Kg7 42. Qb7+ Kg6 43. Qa6+ Kg7 44. Qxa7+ Kg6 45. Qa6+ Kg7 46. Qf6+ Qxf6 47. gxf6+ Kxf6 48. a4 Ke6 49. a5 Kd6 50. c4 Ke6 51. Kf2 Kd6 52. a6 Kc7 53. h5 Kb6 54. h6 Kxa6 55. h7 Ka5 56. h8Q Kb4 57. Qxe5 Kxb3 58. Qxe4 Kb4 59. Kxf3 Kc3 60. Kf4 Kb4 61. Ke5 Kc3 62. Kd6 Kb4 63. Kc6 Kc3 64. Kxc5 Kd2 65. Qd4+ Ke2 66. e4 Kf3 67. e5 Ke2 68. Qc3 Kf2 69. Qd3 Kg2 70. Qe3 Kh2 71. Qf3 Kg1 72. Qe2 Kh1 73. e6 Kg1 74. Kd6 Kh1 75. c5 Kg1 76. c6 Kh1 77. c7 Kg1 78. e7 Kh1 79. Ke6 Kg1 80. Kf6 Kh1 81. Kg5 Kg1 82. Kg4 Kh1 83. Kf3 1-0

[Event "Titled Tuesday intern op 11th Jun Early"]
[Site "Chess.com INT"]
[Date "2024.06.11"]
[Round "6"]
[White "Rioseco Pinochet, Fernando Luis"]
[Black "Da Silva, Giovanni B Tavares"]
[Result "1-0"]
[WhiteElo "2139"]
[BlackElo "2095"]
[PlyCount "61"]
[EventDate "2024.06.11"]
[EventType "swiss (blitz)"]
[EventRounds "11"]
[EventCountry "USA"]
[SourceTitle "EXT 2025"]
[Source "ChessBase"]
[SourceDate "2024.10.14"]
[SourceVersion "1"]
[SourceVersionDate "2024.10.14"]
[SourceQuality "1"]

1. e4 c5 2. Nf3 d6 3. d4 cxd4 4. Nxd4 Nf6 5. f3 a6 6. c4 e6 7. Nc3 Be7 8. Be2 0-0 9. 0-0 Nbd7 10. Be3 Qc7 11. Rc1 b6 12. Qd2 Bb7 13. Rfd1 Rac8 14. b3 Qb8 15. Bf1 Rfd8 16. Kh1 d5 17. cxd5 exd5 18. Nf5 Bf8 19. Nxd5 Nxd5 20. exd5 Rxc1 21. Rxc1 Nc5 22. Bf4 Qc8 23. Ne3 Qd7 24. b4 Ne6 25. Be5 Bxd5 26. Rd1 Bc6 27. Qxd7 Rxd7 28. Rc1 Bb7 29. a3 a5 30. Bb5 Rd3 31. Bxd3 1-0